[Event "CZE-chT2F 1516"]
[Site "Czech Republic"]
[Date "2015.10.18"]
[Round "1.62"]
[White "Cagasik, Tomas"]
[Black "Hladik, Oto"]
[Result "1/2-1/2"]
[WhiteElo "2145"]
[BlackElo "2191"]
[PlyCount "105"]
[EventDate "2015.10.18"]
[EventType "team-tourn"]
[EventRounds "11"]
[EventCountry "CZE"]
[SourceTitle "EXT 2022"]
[Source "ChessBase"]
[SourceDate "2021.10.06"]
[SourceVersion "1"]
[SourceVersionDate "2021.10.06"]
[SourceQuality "1"]
[WhiteTeam "Kromeriz Slavia II"]
[BlackTeam "Poruba Slavoj II"]
[WhiteTeamCountry "CZE"]
[BlackTeamCountry "CZE"]

1. d4 Nf6 2. c4 g6 3. Nc3 Bg7 4. e4 0-0 5. Nf3 d6 6. Be2 Na6 7. Bg5 h6 8. Be3 e5 9. dxe5 dxe5 10. Qc1 Ng4 11. Bd2 Kh7 12. h3 Nf6 13. Be3 b6 14. Nxe5 Bb7 15. Ng4 Nxe4 16. Nxe4 Bxe4 17. Bxh6 Bxg2 18. Bxg7 Kxg7 19. Rg1 Be4 20. Qh6+ Kg8 21. Qf4 Bc2 22. Qe5 Qd6 23. Qxd6 cxd6 24. Rc1 Ba4 25. b3 Bc6 26. c5 Nxc5 27. b4 f5 28. bxc5 fxg4 29. Rxg4 Rae8 30. Rxg6+ Kf7 31. Rxd6 Bb5 32. Rd2 Rh8 33. Kf1 Bxe2+ 34. Rxe2 Rxh3 35. Rxe8 Rh1+ 36. Kg2 Rxc1 37. Ra8 bxc5 38. Rxa7+ Kf6 39. Kf3 Ke5 40. Ke3 Re1+ 41. Kd3 Rf1 42. Re7+ Kd5 43. Re2 c4+ 44. Kc3 Rc1+ 45. Rc2 Rf1 46. Rb2 Kc5 47. Re2 Rc1+ 48. Kb2 Rf1 49. Rd2 Kb4 50. a3+ Kc5 51. Re2 Kd4 52. a4 c3+ 53. Kc2 1/2-1/2

[Event "CZE-chT1E 1516"]
[Site "Czech Republic"]
[Date "2015.10.11"]
[Round "1.8"]
[White "Karlik, Vladimir"]
[Black "Hladik, Oto"]
[Result "1/2-1/2"]
[WhiteElo "2268"]
[BlackElo "2208"]
[PlyCount "31"]
[EventDate "2015.10.11"]
[EventType "team-tourn"]
[EventRounds "11"]
[EventCountry "CZE"]
[SourceTitle "CBM 169 Extra"]
[Source "ChessBase"]
[SourceDate "2015.12.18"]
[SourceVersion "1"]
[SourceVersionDate "2015.12.18"]
[SourceQuality "1"]
[WhiteTeam "Kromeriz"]
[BlackTeam "Ostrava"]
[WhiteTeamCountry "CZE"]
[BlackTeamCountry "CZE"]

1. d4 Nf6 2. Nf3 d6 3. Nc3 g6 4. e4 Bg7 5. h3 0-0 6. Be3 c6 7. a4 Nbd7 8. a5 Qc7 9. Be2 e5 10. dxe5 dxe5 11. Bc4 Rb8 12. 0-0 b5 13. axb6 axb6 14. b4 b5 15. Be2 Nb6 16. Qc1 1/2-1/2

[Event "CZE-chT2F 1415"]
[Site "Czech Republic"]
[Date "2015.03.29"]
[Round "10.62"]
[White "Chlevistan, Jakub"]
[Black "Hladik, Oto"]
[Result "1/2-1/2"]
[WhiteElo "2167"]
[BlackElo "2204"]
[PlyCount "49"]
[EventDate "2014.11.02"]
[EventType "team-tourn"]
[EventRounds "11"]
[EventCountry "CZE"]
[SourceTitle "EXT 2022"]
[Source "ChessBase"]
[SourceDate "2021.10.06"]
[SourceVersion "1"]
[SourceVersionDate "2021.10.06"]
[SourceQuality "1"]
[WhiteTeam "Poruba Slavoj II"]
[BlackTeam "Ostrava TJ Nova Hut"]
[WhiteTeamCountry "CZE"]
[BlackTeamCountry "CZE"]

1. Nf3 Nf6 2. c4 c5 3. Nc3 Nc6 4. d4 cxd4 5. Nxd4 g6 6. e4 d6 7. Be2 Bg7 8. Be3 0-0 9. 0-0 Bd7 10. Nc2 Rc8 11. f3 Ne5 12. b3 a6 13. Nd5 Nxd5 14. exd5 f5 15. Qd2 f4 16. Bxf4 b5 17. Bh6 Bxh6 18. Qxh6 bxc4 19. bxc4 Nxc4 20. Kh1 e5 21. dxe6 Bxe6 22. Nd4 Bd5 23. Rfe1 Qf6 24. Nb3 Rfe8 25. Bxc4 1/2-1/2

[Event "CZE-chT2F 1415"]
[Site "Czech Republic"]
[Date "2015.03.15"]
[Round "9.13"]
[White "Hladik, Oto"]
[Black "Zabystrzan, Pavel"]
[Result "1/2-1/2"]
[WhiteElo "2204"]
[BlackElo "2248"]
[PlyCount "28"]
[EventDate "2014.11.02"]
[EventType "team-tourn"]
[EventRounds "11"]
[EventCountry "CZE"]
[SourceTitle "EXT 2022"]
[Source "ChessBase"]
[SourceDate "2021.10.06"]
[SourceVersion "1"]
[SourceVersionDate "2021.10.06"]
[SourceQuality "1"]
[WhiteTeam "Ostrava TJ Nova Hut"]
[BlackTeam "Havirov Slovan"]
[WhiteTeamCountry "CZE"]
[BlackTeamCountry "CZE"]

1. e4 c5 2. Nf3 d6 3. d4 cxd4 4. Nxd4 Nf6 5. Nc3 a6 6. Bg5 e6 7. f4 Nbd7 8. Qf3 Qc7 9. 0-0-0 b5 10. Bd3 Bb7 11. Rhe1 0-0-0 12. Qe2 b4 13. Na4 Qa5 14. b3 Nc5 1/2-1/2

[Event "CZE-chT2F 1415"]
[Site "Czech Republic"]
[Date "2015.01.11"]
[Round "5.33"]
[White "Hladik, Oto"]
[Black "Samiec, Pavel"]
[Result "1-0"]
[WhiteElo "2204"]
[BlackElo "1983"]
[PlyCount "75"]
[EventDate "2014.11.02"]
[EventType "team-tourn"]
[EventRounds "11"]
[EventCountry "CZE"]
[SourceTitle "EXT 2022"]
[Source "ChessBase"]
[SourceDate "2021.10.06"]
[SourceVersion "1"]
[SourceVersionDate "2021.10.06"]
[SourceQuality "1"]
[WhiteTeam "Ostrava TJ Nova Hut"]
[BlackTeam "Mosty u Jablunkova"]
[WhiteTeamCountry "CZE"]
[BlackTeamCountry "CZE"]

1. e4 d5 2. exd5 Qxd5 3. Nc3 Qa5 4. d4 Nf6 5. Nf3 c6 6. Bc4 Bf5 7. Ne5 e6 8. 0-0 Bd6 9. Re1 Bxe5 10. dxe5 Nd5 11. Ne4 Bxe4 12. Rxe4 Nd7 13. Bd2 Qc7 14. Qg4 g6 15. Rae1 0-0-0 16. Bg5 Rde8 17. Qf3 h6 18. Bd2 Nc5 19. R4e2 b6 20. b4 Nb7 21. Bb3 g5 22. c4 Ne7 23. Qxf7 Nd8 24. Qf3 Nf5 25. Qe4 Rhg8 26. c5 g4 27. a4 Nh4 28. Kh1 Ref8 29. cxb6 axb6 30. Rc1 Kb8 31. b5 c5 32. a5 Qb7 33. Qxb7+ Kxb7 34. axb6 Kxb6 35. Be3 Nb7 36. Bxe6 Rg6 37. Ra2 Kxb5 38. Bd5 1-0